MARC details
| 000 -LEADER |
| fixed length control field |
01867nam a2200445Ia 4500 |
| 001 - CONTROL NUMBER |
| control field |
785719688 |
| 003 - CONTROL NUMBER IDENTIFIER |
| control field |
OCoLC |
| 005 - DATE AND TIME OF LATEST TRANSACTION |
| control field |
20180625144847.0 |
| 008 - FIXED-LENGTH DATA ELEMENTS--GENERAL INFORMATION |
| fixed length control field |
120413t20102010nyua a 000 1 eng |
| 020 ## - INTERNATIONAL STANDARD BOOK NUMBER |
| International Standard Book Number |
9781416991403 (pbk.) |
| 020 ## - INTERNATIONAL STANDARD BOOK NUMBER |
| International Standard Book Number |
1416991409 (pbk.) |
| 035 ## - SYSTEM CONTROL NUMBER |
| System control number |
(OCoLC)785719688 |
| 040 ## - CATALOGING SOURCE |
| Original cataloging agency |
YBM |
| Language of cataloging |
eng |
| Transcribing agency |
YBM |
| 041 1# - LANGUAGE CODE |
| Language code of text/sound track or separate title |
eng |
| -- |
spa |
| 090 ## - LOCALLY ASSIGNED LC-TYPE CALL NUMBER (OCLC); LOCAL CALL NUMBER (OCLC) |
| Classification number (OCLC) (R) ; Classification number, CALL (RLIN) (NR) |
PZ8.3.D3642 |
| Local cutter number (OCLC) ; Book number/undivided call number, CALL (RLIN) |
Aac 2010 |
| 100 1# - MAIN ENTRY--PERSONAL NAME |
| Personal name |
Degman, Lori. |
| Authority record control number |
http://id.loc.gov/authorities/names/n2009008051. |
| 245 10 - TITLE STATEMENT |
| Title |
1 zany zoo = |
| Remainder of title |
1 zoo loco / |
| Statement of responsibility, etc. |
by Lori Degman ; illustrated by Colin Jack. |
| 246 3# - VARYING FORM OF TITLE |
| Title proper/short title |
1 zoo loco. |
| 246 3# - VARYING FORM OF TITLE |
| Title proper/short title |
One zoo loco. |
| 246 3# - VARYING FORM OF TITLE |
| Title proper/short title |
One zany zoo. |
| 250 ## - EDITION STATEMENT |
| Edition statement |
1st ed. |
| 260 ## - PUBLICATION, DISTRIBUTION, ETC. (IMPRINT) |
| Place of publication, distribution, etc. |
New York : |
| Name of publisher, distributor, etc. |
Simon & Schuster Books for Young Readers, |
| Date of publication, distribution, etc. |
c2010. |
| 264 #1 - PRODUCTION, PUBLICATION, DISTRIBUTION, MANUFACTURE, AND COPYRIGHT NOTICE |
| Place of production, publication, distribution, manufacture |
New York : |
| Name of producer, publisher, distributor, manufacturer |
Simon & Schuster Books for Young Readers, |
| Date of production, publication, distribution, manufacture, or copyright notice |
[2010] |
| 264 #4 - PRODUCTION, PUBLICATION, DISTRIBUTION, MANUFACTURE, AND COPYRIGHT NOTICE |
| Date of production, publication, distribution, manufacture, or copyright notice |
c2010. |
| 300 ## - PHYSICAL DESCRIPTION |
| Extent |
1 volume (unpaged) : |
| Other physical details |
color illustrations ; |
| Dimensions |
18 cm. |
| 336 ## - CONTENT TYPE |
| Content type term |
text |
| Content type code |
txt |
| Source |
rdacontent. |
| 337 ## - MEDIA TYPE |
| Media type term |
unmediated |
| Media type code |
n |
| Source |
rdamedia. |
| 338 ## - CARRIER TYPE |
| Carrier type term |
volume |
| Carrier type code |
nc |
| Source |
rdacarrier. |
| 385 ## - AUDIENCE CHARACTERISTICS |
| Demographic group code |
age |
| Audience term |
Children |
| Source |
lcdgt. |
| 520 ## - SUMMARY, ETC. |
| Summary, etc. |
When one fearless fox grabs the zookeeper's keys and opens all the cages, increasing numbers of animals behave in most unusual ways. |
| 521 1# - TARGET AUDIENCE NOTE |
| Target audience note |
Ages 3 and up. |
| 546 ## - LANGUAGE NOTE |
| Language note |
In English and Spanish. |
| 650 #0 - SUBJECT ADDED ENTRY--TOPICAL TERM |
| Topical term or geographic name as entry element |
Zoo animals |
| Authority record control number |
http://id.loc.gov/authorities/subjects/sh85149970 |
| Form subdivision |
Juvenile fiction. |
| Authority record control number |
http://id.loc.gov/authorities/subjects/sh99001687. |
| 650 #0 - SUBJECT ADDED ENTRY--TOPICAL TERM |
| Topical term or geographic name as entry element |
Counting |
| Form subdivision |
Juvenile fiction. |
| Authority record control number |
http://id.loc.gov/authorities/subjects/sh2009122134. |
| 655 #0 - INDEX TERM--GENRE/FORM |
| Genre/form data or focus term |
Spanish language materials. |
| 655 #7 - INDEX TERM--GENRE/FORM |
| Genre/form data or focus term |
Stories in rhyme. |
| Source of term |
lcgft |
| Authority record control number |
http://id.loc.gov/authorities/genreForms/gf2014026559. |
| 655 #7 - INDEX TERM--GENRE/FORM |
| Genre/form data or focus term |
Fiction. |
| Source of term |
lcgft |
| Authority record control number |
http://id.loc.gov/authorities/genreForms/gf2014026339. |
| 700 1# - ADDED ENTRY--PERSONAL NAME |
| Personal name |
Jack, Colin, |
| Authority record control number |
http://id.loc.gov/authorities/names/n2009008053 |
| Relator term |
illustrator. |
| 942 ## - ADDED ENTRY ELEMENTS (KOHA) |
| Koha item type |
Libro/Book |